Luật quốc tế : Lý luận và thực tiễn
Gorde:
| Egile nagusia: | |
|---|---|
| Formatua: | Liburua |
| Hizkuntza: | Undetermined |
| Argitaratua: |
Hà Nội
Giáo Dục
2001
|
| Gaiak: | |
| Etiketak: |
Etiketa erantsi
Etiketarik gabe, Izan zaitez lehena erregistro honi etiketa jartzen!
|
| Thư viện lưu trữ: | Trung tâm Học liệu Trường Đại học Cần Thơ |
|---|
| LEADER | 00530nam a2200181Ia 4500 | ||
|---|---|---|---|
| 001 | CTU_43702 | ||
| 008 | 210402s9999 xx 000 0 und d | ||
| 082 | |a 341 | ||
| 082 | |b Th116 | ||
| 100 | |a Trần, Văn Thắng | ||
| 245 | 0 | |a Luật quốc tế : | |
| 245 | 0 | |b Lý luận và thực tiễn | |
| 245 | 0 | |c Trần Văn Thắng ...[et al.] | |
| 260 | |a Hà Nội | ||
| 260 | |b Giáo Dục | ||
| 260 | |c 2001 | ||
| 650 | |a International law | ||
| 980 | |a Trung tâm Học liệu Trường Đại học Cần Thơ | ||